000 00407nam a2200145Ia 4500
008 231217s9999 xx 000 0 und d
041 _aEnglish
082 _a658.4012 JUD `R1'
100 _aJudson, Arnold S
245 0 _aImplementing company strategy : Transforming plans into reality
260 _c2000
_bInfinity Books,N.Delhi
300 _aix+292
650 _aStrategic management
942 _cAA
999 _c167429
_d167429